|
|
|
|
| LEADER |
01286nam a22002897a 4500 |
| 001 |
35105 |
| 003 |
BD-DhAAL |
| 005 |
20211118110747.0 |
| 008 |
190807t2017 enka b 001 0 eng d |
| 999 |
|
|
|c 40827
|d 40827
|
| 020 |
|
|
|a 9781859465851
|
| 020 |
|
|
|a 9781859468272
|
| 040 |
|
|
|a BD-DhAAL
|
| 082 |
|
|
|a 747
|2 23
|
| 100 |
|
|
|a Grove, Jenny
|9 33376
|
| 245 |
|
|
|a Interior design :
|b a professional guide /
|c Jenny Grove.
|
| 260 |
|
|
|a Newcastle upon Tyne :
|c RIBA Publishing,
|b c2017.
|
| 300 |
|
|
|a iv, 172 pages :
|b color illustrations ;
|c 21 cm
|
| 504 |
|
|
|a Includes bibliographical references (pages 163-165) and index.
|
| 526 |
|
|
|a ARC
|
| 541 |
|
|
|a Trim Education
|d 35105, 35106
|
| 650 |
|
|
|a Interior decoration
|x Vocational guidance.
|9 33377
|
| 650 |
|
|
|a Architecture.
|9 42780
|
| 852 |
|
|
|a Ayesha Abed Library
|c General Stacks
|
| 942 |
|
|
|2 ddc
|c BK
|
| 952 |
|
|
|0 0
|1 0
|2 ddc
|4 0
|6 747_000000000000000_GRO
|7 0
|9 65962
|a BRACUL
|b BRACUL
|c GEN
|d 2019-07-28
|e Trim Education
|g 2210.00
|l 0
|o 747 GRO
|p 3010035105
|r 2019-07-28
|t 1
|v 2210.00
|w 2019-07-28
|y BK
|
| 952 |
|
|
|0 0
|1 0
|2 ddc
|4 0
|6 747_000000000000000_GRO
|7 0
|9 65963
|a BRACUL
|b BRACUL
|c GEN
|d 2019-07-28
|e Trim Education
|g 2210.00
|l 1
|m 2
|o 747 GRO
|p 3010035106
|q 2025-10-13
|r 2025-03-08
|s 2025-03-08
|t 2
|v 2210.00
|w 2019-07-28
|y BK
|x Transferred from ARC to BRACUL on 28/12/2023
|